MWIG : Malaysia water industry guide 2012.
| Corporate Author: | |
|---|---|
| Format: | Book |
| Published: |
Kuala Lumpur:
The Malaysian Water Association,
2012.
|
| Subjects: |
| LEADER | 00534cam a2200157 7i4500 | ||
|---|---|---|---|
| 001 | 0000029008 | ||
| 005 | 20130121090000.0 | ||
| 090 | 0 | 0 | |a M 363.61 |b MIN |
| 110 | 2 | 0 | |a Ministry of Energy, Water & Communications Malaysia |
| 245 | 2 | 0 | |a MWIG : |b Malaysia water industry guide 2012. |
| 260 | 0 | 0 | |a Kuala Lumpur: |b The Malaysian Water Association, |c 2012. |
| 300 | # | # | |a 75 p. |
| 650 | 0 | 0 | |a Water supply -- |z Malaysia |
| 650 | 0 | 0 | |a Water resources development -- |z Malaysia |
| 651 | 0 | 0 | |a Malaysia |
| 999 | |a 0000031935 |b Book |c Malaysia |e Business Information Centre | ||